[Event "Niederoesterreich-ch Seniors op"]
[Site "Spitz in der Wachau"]
[Date "2020.10.11"]
[Round "1"]
[White "Zierlinger, Karl"]
[Black "Ring, Rudolf"]
[Result "1/2-1/2"]
[WhiteElo "1341"]
[BlackElo "1731"]
[PlyCount "53"]
[EventDate "2020.10.11"]
[EventType "swiss"]
[EventRounds "7"]
[EventCountry "AUT"]
[SourceTitle "CBM 198 Extra"]
[Source "ChessBase"]
[SourceDate "2020.11.30"]
[SourceVersion "1"]
[SourceVersionDate "2020.11.30"]
[SourceQuality "1"]

1. d4 d5 2. c4 c6 3. Nc3 Nf6 4. h3 h6 5. Bf4 e6 6. Nf3 Be7 7. Qc2 dxc4 8. e4 b5 9. a3 Bb7 10. Rd1 Nbd7 11. Be2 a5 12. 0-0 0-0 13. Ne5 Nb6 14. Ng4 Nxg4 15. Bxg4 Bg5 16. Bh2 b4 17. axb4 axb4 18. Ne2 Qc8 19. Bd6 Re8 20. Bxb4 Be7 21. Bc5 Nd7 22. Qxc4 Nxc5 23. dxc5 Bf6 24. b4 Ba6 25. Qc2 Bb5 26. Rd2 Ra4 27. Rb1 1/2-1/2